000 01269cam a2200361 i 4500
001 15824112
003 OSt
005 20260330100106.0
008 090720m20099999ne a b 001 0 eng
010 _a 2009029184
020 _a9789004471672
035 _a15824112
040 _aDLC
_beng
_erda
_cDLC
_dDLC
042 _apcc
050 0 0 _aBP172
_b.C47 2022
082 0 0 _a016.2612/7
_222
245 0 0 _aChristian-Muslim relations :
_ba bibliographical history; volume 19. Sub-Saharan Africa and Latin America (1800-1914) /
260 _aBoston;
_bBrill,
_c2022
300 _axvi,611p. :
_billustrations ;
_c25 cm.
504 _aIncludes bibliographical references and indexes.
650 0 _aChristianity and other religions
_xIslam.
650 0 _aIslam
_xRelations
_xChristianity.
650 0 _aChristianity and other religions
_xIslam
_vBibliography.
650 0 _aIslam
_xRelations
_xChristianity
_vBibliography.
655 7 _aBibliographies.
_2lcgft
700 1 _aThomas, David
_q(David Richard),
_d1948-
700 1 _aRoggema, Barbara.
700 1 _aMonferrer Sala, Juan Pedro.
700 1 _aChesworth, John
_q(John A.)
906 _a7
_bcbc
_corignew
_d1
_eecip
_f20
_gy-gencatlg
942 _2lcc
_cBK
999 _c60303
_d60303